Ultimates of Champions League of Legends - Statistics

General Stats
  • This quiz has been taken 1,947 times
  • The average score is 14 of 20
Answer Stats
Hint Answer % Correct
Enchanted Crystal Arrow Ashe
98%
Demacian Justice Garen
97%
Aspect of the Cougar Nidalee
85%
Ace in the hole Caitlyn
81%
Stranglethorns Zyra
81%
Command: Shockwave Orianna
80%
Crescendo Sona
79%
Final Spark Lux
77%
Spirit Rush Ahri
76%
Absolute Zero Nunu
76%
Void Assault Kha'Zix
74%
Wild Growth Lulu
71%
Grandmaster's Might Jax
67%
Hallucinate Shaco
66%
Buster Shot Tristana
63%
Hyper-Kinetic Position Reverser Urgot
62%
Blade Waltz Fiora
61%
Infinite Duress Warwick
61%
Whirling Death Draven
50%
On the Hunt Sivir
43%
No matching quizzes found
Score Distribution
Percent of People with Each Score
Percentile by Number Answered
Your Score History
You have not taken this quiz